| Tag |
First Indicator |
Second Indicator |
Subfields |
| LEADER |
00000cam a2200000 a 4500 |
| 001 |
in00000089447 |
| 005 |
20151008063448.0 |
| 008 |
750715s1955 nyu b 00010 eng d |
| 035 |
|
|
|a (OCoLC)01449894
|
| 035 |
|
|
|9 AAK2281AM
|
| 040 |
|
|
|c BPS
|d m.c.
|d TXA
|d UtOrBLW
|
| 049 |
|
|
|a TXAM
|c [1406947]
|
| 090 |
|
|
|a B1480
|b 1955
|
| 100 |
1 |
|
|a Hume, David,
|d 1711-1776.
|
| 245 |
1 |
3 |
|a An Inquiry concerning human understanding :
|b with a supplement, An abstract of a treatise of human nature /
|c David Hume ; edited with an introduction by Charles W. Hendel.
|
| 264 |
|
1 |
|a New York :
|b Liberal Arts Press,
|c [1955]
|
| 264 |
|
4 |
|c ©1955
|
| 300 |
|
|
|a lvi, 198 pages ;
|c 21 cm.
|
| 336 |
|
|
|a text
|b txt
|2 rdacontent
|
| 337 |
|
|
|a unmediated
|b n
|2 rdamedia
|
| 338 |
|
|
|a volume
|b nc
|2 rdacarrier
|
| 490 |
1 |
|
|a The Library of liberal arts ;
|v 49
|
| 500 |
|
|
|a First published under the title: "Philosophical essays concerning human understanding" in 1748.
|
| 504 |
|
|
|a Bibliography: pages lii-liv.
|
| 536 |
|
|
|a Donated by Stanley Archer in October, 1997.
|
| 650 |
|
0 |
|a Knowledge, Theory of.
|
| 700 |
1 |
|
|a Hendel, Charles William,
|d 1890-1982.
|
| 700 |
1 |
|
|a Hume, David,
|d 1711-1776.
|t Philosophical essays concerning human understanding.
|
| 740 |
0 |
|
|a Abstract of a treatise of human nature.
|
| 830 |
|
0 |
|a Library of liberal arts ;
|v 49.
|
| 999 |
|
|
|a MARS
|
| 999 |
f |
f |
|s 9469d2d8-38bf-3778-a778-e1af9589c950
|i 99767c06-940f-3467-9827-84114d74987b
|t 0
|
| 952 |
f |
f |
|p normal
|a Texas A&M University
|b College Station
|c Sterling C. Evans Library
|d Evans: Library Stacks
|t 0
|e B1480 1955
|h Library of Congress classification
|i unmediated -- volume
|m A14823475548
|
| 998 |
f |
f |
|a B1480 1955
|t 0
|l Evans: Library Stacks
|